000 00930nam a22003377a 4500
001 BR7400671
003 BR-BrBNA
005 20230928084522.0
007 ta
008 230509b bl.||||| |||| 00| 0 por d
040 _aBR-BrBNA
_bpor
_cBiblioteca Nacional de Agricultura
041 _a(Por)
072 _aF01; F30; F04
_b0150
_b0430
_b1410
_b/G514
090 _ 0150 BR7400671
110 1 _aDepartamento Nacional de Obras Contra as Secas, Salvador, BA (Brasil)
_93325
245 1 _aInformaoes preliminares sobre culturas irrigadas no estado da Bahia
260 3 _aSalvador, BA (Brasil):
_c1973.
300 _a56 p.
650 _aARROZ
650 _aALGODAO
650 _aMILHO
650 _aFEIJAO
650 _aTOMATE
650 _aESTATISTICA
650 _aIRRIGACAO
650 _aADUBACAO
650 _aCOMPETICAO DE VARIEDADE
650 _aBAHIA
909 _a202309
_bLucia
_c55
_dLucia Elande
942 _cBK
999 _c19495
_d19495